[Event "Buenos Aires Masters op"]
[Site "Buenos Aires"]
[Date "2023.06.19"]
[Round "8"]
[White "Brizzi, Milagros Tatiana"]
[Black "Trunzo, Luciano"]
[Result "0-1"]
[WhiteElo "2112"]
[BlackElo "1725"]
[PlyCount "118"]
[EventDate "2023.06.14"]
[EventType "swiss"]
[EventRounds "9"]
[EventCountry "ARG"]
[SourceTitle "CBM 215 Extra"]
[Source "ChessBase"]
[SourceDate "2023.09.30"]
[SourceVersion "1"]
[SourceVersionDate "2023.09.30"]
[SourceQuality "1"]

1. e4 e6 2. d3 d5 3. Nd2 Nf6 4. Ngf3 c5 5. g3 Nc6 6. Bg2 Be7 7. 0-0 b6 8. Re1 Bb7 9. c3 Qc7 10. a3 0-0 11. e5 Nd7 12. d4 Rac8 13. Nf1 cxd4 14. cxd4 Na5 15. b4 Nc4 16. h4 a5 17. Rb1 axb4 18. axb4 Ra8 19. N1h2 Na3 20. Bxa3 Rxa3 21. b5 Rc8 22. Ng4 Qc2 23. Ne3 Qxd1 24. Rexd1 f6 25. Rbc1 Rxc1 26. Rxc1 Bd8 27. Ng4 Rb3 28. exf6 gxf6 29. Ra1 Rxb5 30. Bh3 Kg7 31. Ra7 Bc6 32. Nge5 fxe5 33. Nxe5 Ra5 34. Nxc6 Rxa7 35. Nxa7 Kf7 36. Kf1 Nb8 37. Ke2 Na6 38. Nb5 Nc7 39. Nc3 Bf6 40. Kd3 b5 41. Ne2 b4 42. Nf4 Ke7 43. f3 Kd6 44. h5 h6 45. Ne2 Nb5 46. f4 b3 47. g4 Bxd4 48. Nxd4 Nxd4 49. Kc3 Ne2+ 50. Kxb3 Nxf4 51. Bf1 e5 52. Kc3 Ke6 53. Kd2 Kf6 54. Ba6 e4 55. Bb7 Ke5 56. Bc6 d4 57. Be8 e3+ 58. Ke1 d3 59. Bb5 Ng2+ 0-1

[Event "Buenos Aires Masters op"]
[Site "Buenos Aires"]
[Date "2023.06.17"]
[Round "4"]
[White "Trunzo, Luciano"]
[Black "Chiappero, Julio Alfredo"]
[Result "0-1"]
[WhiteElo "1725"]
[BlackElo "2047"]
[PlyCount "62"]
[EventDate "2023.06.14"]
[EventType "swiss"]
[EventRounds "9"]
[EventCountry "ARG"]
[SourceTitle "CBM 215 Extra"]
[Source "ChessBase"]
[SourceDate "2023.09.30"]
[SourceVersion "1"]
[SourceVersionDate "2023.09.30"]
[SourceQuality "1"]

1. d4 Nf6 2. Nf3 d5 3. e3 e6 4. Bd3 c5 5. 0-0 Nc6 6. b3 Bd6 7. Bb2 Qc7 8. Nbd2 cxd4 9. exd4 Nb4 10. Bb5+ Bd7 11. Bxd7+ Nxd7 12. c4 0-0 13. Qe2 Rae8 14. Rfc1 Qd8 15. c5 Bf4 16. Qb5 Nc6 17. Qxb7 Ndb8 18. Qb5 f6 19. Rd1 a6 20. Qe2 Qc8 21. a3 e5 22. dxe5 fxe5 23. g3 Bh6 24. Nf1 d4 25. Qe4 Nd7 26. Qg4 Nxc5 27. Qxc8 Rxc8 28. N3d2 Nd3 29. Bc1 Nxf2 30. Re1 Nd3 31. Re2 Na5 0-1